00604nam a2200145 a 450000100100000000500170001000800410002704000250006808200230009324500610011626000390017730000260021695201990024299900170044100004642120201002052846.0150811s2004 dr a 000 0 spa d aDO-SdBNPbspacBNPHU axxxxxxxxbxxxxxxxx00aRecomendaciones sobre docencia en el trabajo con grupos. aSanto Domingo :bPROFAMILIA,c199? a8 p. :bil. ;c21 cm. 0010718PDaPDbPDcHDd2015-08-11iLF1l0oxxxxxxxx xxxxxxxxp46421-10r2020-06-25w2020-06-25yLFPDzPerteneció a la biblioteca personal de Chiqui Vicioso / Fidelio Despradel.ZNo se presta c45910d45910